000 00947nam a2200289 a 4500
001 000110747
003 CHAP
005 20230323062614.0
008 141001s2005 ck |sf |||||||spa d
010 _a107209
011 _a108181
040 _cCHAP
090 _aCD-400 v.64
245 0 0 _aCerdos
_h[DVD]
_b: nutrición /
_cpor Fundación Hogares Juveniles Campesinos; coordinador Luis Carlos Muñoz.
260 _aBogotá, Col. :
_bGranita,
_c2005.
300 _a1 DVD.
490 1 _aVideoteca del campo
_pGranja Integral Autosuficiente
590 _aE6096MTM
_b05
_c20141001
_lUCH01
_h1351
650 1 4 _aGanado porcino
_xAlimentación.
_945329
650 1 4 _aGanado porcino
_xNutrición.
_945390
700 1 _aMuñoz, Luis Carlos
_ecoord.
_9128382
710 2 _aFundación Hogares Juveniles Campesinos
_9128381
830 0 _aVideoteca del campo
_pGranja Integral Autosuficiente
_v64
_9128383
901 _aBK
942 _cCD
942 _n0
999 _c107209
_d107209